[Event "Antofagasta Zicosur op 4th"]
[Site "Antofagasta"]
[Date "2019.01.08"]
[Round "6"]
[White "Vasquez Cisternas, Mauricio"]
[Black "Castaneda Martinez, Ruben"]
[Result "0-1"]
[WhiteElo "1422"]
[BlackElo "1803"]
[PlyCount "59"]
[EventDate "2019.01.04"]
[EventType "swiss"]
[EventRounds "10"]
[EventCountry "CHI"]
[SourceTitle "CBM 190 Extra"]
[Source "ChessBase"]
[SourceDate "2019.07.15"]
[SourceVersion "1"]
[SourceVersionDate "2019.07.15"]
[SourceQuality "1"]

1. e4 d6 2. d4 Nf6 3. Nc3 c6 4. Nf3 Bg4 5. Be2 e6 6. 0-0 Be7 7. h3 Bh5 8. Ng5 Bxe2 9. Qxe2 0-0 10. e5 Nd5 11. Qh5 h6 12. h4 Nxc3 13. bxc3 hxg5 14. hxg5 g6 15. Qh6 Re8 16. Kh2 Bf8 17. Qh3 dxe5 18. Rh1 Bg7 19. Kg1 Qa5 20. a4 Nd7 21. Qh7+ Kf8 22. Ba3+ c5 23. dxc5 Nxc5 24. Rb1 b6 25. Rb5 Qxa4 26. Rxc5 Qxa3 27. Rc7 Qc1+ 28. Kh2 Qxg5 29. Kg1 Qc1+ 30. Kh2 0-1

[Event "Antofagasta 73th anniversary"]
[Site "Antofagasta"]
[Date "2018.05.21"]
[Round "5.2"]
[White "Jorquera Castillo, Gabriel"]
[Black "Castaneda Martinez, Ruben"]
[Result "1/2-1/2"]
[WhiteElo "1967"]
[BlackElo "1847"]
[PlyCount "87"]
[EventDate "2018.05.19"]
[EventType "swiss"]
[EventRounds "6"]
[EventCountry "CHI"]
[SourceTitle "EXT 2024"]
[Source "ChessBase"]
[SourceDate "2023.10.10"]
[SourceVersion "1"]
[SourceVersionDate "2023.10.10"]
[SourceQuality "1"]

1. e4 g6 2. d4 d6 3. f4 d5 4. e5 h5 5. Bd3 Nh6 6. Nf3 Bf5 7. Ng5 e6 8. Be3 Be7 9. Nf3 c6 10. Qe2 Qb6 11. b3 a5 12. a3 Na6 13. Nbd2 Nc7 14. c4 Qa7 15. 0-0 Ng4 16. h3 Nxe3 17. Qxe3 c5 18. Be2 cxd4 19. Nxd4 Bc5 20. N2f3 Be4 21. Rfd1 0-0 22. Kh2 Qb6 23. Qc3 Rad8 24. Bd3 Bxd3 25. Rxd3 dxc4 26. bxc4 Rd7 27. Ne2 Rfd8 28. Rad1 Rxd3 29. Rxd3 Rxd3 30. Qxd3 Ne8 31. Ng5 Qc7 32. Nc3 Ng7 33. Nce4 Be7 34. Nd6 Bxg5 35. fxg5 b6 36. Kh1 Qc5 37. Ne4 Qe7 38. Nf6+ Kf8 39. Qd4 Ne8 40. a4 Nxf6 41. gxf6 Qc7 42. Qd2 Kg8 43. Qd6 Qxc4 44. Qxb6 1/2-1/2